| 000 | 00576nam a2200205Ia 4500 | ||
|---|---|---|---|
| 008 | 170918s9999 xx 000 0 und d | ||
| 020 | _a9780439833844 | ||
| 050 | _bB496 2007 | ||
| 100 | _aBerger, Melvin | ||
| 245 | _aDid it take creativity to find relativity, Albert Einstein? / | ||
| 245 | _cMelvin Berger and Gilda Berger ; illustrated by Brandon Dorman. | ||
| 260 | _aNew York : | ||
| 260 | _bScholastic, | ||
| 260 | _c2007 | ||
| 300 | _a48 pages : | ||
| 300 | _bcolored illustration ; | ||
| 300 | _c23cm. | ||
| 440 | _aScience supergiants. | ||
| 500 | _a760 | ||
| 999 |
_c341924 _d341924 |
||